Metric handbook (Record no. 100057)
[ view plain ]
| 000 -LEADER | |
|---|---|
| fixed length control field | 03818cam a2201249 4500 |
| 008 - FIXED-LENGTH DATA ELEMENTS--GENERAL INFORMATION | |
| fixed length control field | 000000n1999 000 0 eng u |
| 020 ## - INTERNATIONAL STANDARD BOOK NUMBER | |
| International Standard Book Number | 0750608994 |
| 035 ## - SYSTEM CONTROL NUMBER | |
| System control number | (Sirsi) u102535 |
| 050 ## - LIBRARY OF CONGRESS CALL NUMBER | |
| Classification number | 720 |
| -- | 18 |
| 100 ## - MAIN ENTRY--PERSONAL NAME | |
| Personal name | Adler, David |
| 245 ## - TITLE STATEMENT | |
| Title | Metric handbook |
| Remainder of title | planning and design data |
| 250 ## - EDITION STATEMENT | |
| Edition statement | 2nd ed. |
| 260 ## - PUBLICATION, DISTRIBUTION, ETC. | |
| Place of publication, distribution, etc. | Oxford |
| Name of publisher, distributor, etc. | Architectural Press |
| Date of publication, distribution, etc. | 1999 |
| 300 ## - PHYSICAL DESCRIPTION | |
| Extent | 1 |
| Type of unit | v. |
| Other physical details | ill. |
| Dimensions | 30cm. |
| 350 ## - PRICE (NR) (BK AM CF MU VM SE) [OBSOLETE] | |
| Price | 29.99 |
| 505 ## - FORMATTED CONTENTS NOTE | |
| Formatted contents note | Notation, drawing office practice and dimensional co-ordination |
| 505 ## - FORMATTED CONTENTS NOTE | |
| Formatted contents note | Basic design data |
| 505 ## - FORMATTED CONTENTS NOTE | |
| Formatted contents note | Sanitary installations and cloakrooms |
| 505 ## - FORMATTED CONTENTS NOTE | |
| Formatted contents note | Design for the vehicle |
| 505 ## - FORMATTED CONTENTS NOTE | |
| Formatted contents note | Aids to pedestrian movement |
| 505 ## - FORMATTED CONTENTS NOTE | |
| Formatted contents note | Landscape design |
| 505 ## - FORMATTED CONTENTS NOTE | |
| Formatted contents note | Terminals and transport interchanges |
| 505 ## - FORMATTED CONTENTS NOTE | |
| Formatted contents note | Factories |
| 505 ## - FORMATTED CONTENTS NOTE | |
| Formatted contents note | Industrial storage buildings |
| 505 ## - FORMATTED CONTENTS NOTE | |
| Formatted contents note | Farm buildings |
| 505 ## - FORMATTED CONTENTS NOTE | |
| Formatted contents note | Offices |
| 505 ## - FORMATTED CONTENTS NOTE | |
| Formatted contents note | Law courts |
| 505 ## - FORMATTED CONTENTS NOTE | |
| Formatted contents note | Retail trading |
| 505 ## - FORMATTED CONTENTS NOTE | |
| Formatted contents note | Payment and counselling offices |
| 505 ## - FORMATTED CONTENTS NOTE | |
| Formatted contents note | Public service buildings |
| 505 ## - FORMATTED CONTENTS NOTE | |
| Formatted contents note | Primary health care |
| 505 ## - FORMATTED CONTENTS NOTE | |
| Formatted contents note | Hospitals |
| 505 ## - FORMATTED CONTENTS NOTE | |
| Formatted contents note | Eating and drinking |
| 505 ## - FORMATTED CONTENTS NOTE | |
| Formatted contents note | Studios for sound and vision |
| 505 ## - FORMATTED CONTENTS NOTE | |
| Formatted contents note | Auditoria |
| 505 ## - FORMATTED CONTENTS NOTE | |
| Formatted contents note | Community centres |
| 505 ## - FORMATTED CONTENTS NOTE | |
| Formatted contents note | Swimming |
| 505 ## - FORMATTED CONTENTS NOTE | |
| Formatted contents note | Boating |
| 505 ## - FORMATTED CONTENTS NOTE | |
| Formatted contents note | Outdoor sports and stadia |
| 505 ## - FORMATTED CONTENTS NOTE | |
| Formatted contents note | Indoor sports |
| 505 ## - FORMATTED CONTENTS NOTE | |
| Formatted contents note | Equestrian design |
| 505 ## - FORMATTED CONTENTS NOTE | |
| Formatted contents note | Places of worship |
| 505 ## - FORMATTED CONTENTS NOTE | |
| Formatted contents note | Schools |
| 505 ## - FORMATTED CONTENTS NOTE | |
| Formatted contents note | Higher education |
| 505 ## - FORMATTED CONTENTS NOTE | |
| Formatted contents note | Laboratories |
| 505 ## - FORMATTED CONTENTS NOTE | |
| Formatted contents note | Museums, galleries and temporary exhibition spaces |
| 505 ## - FORMATTED CONTENTS NOTE | |
| Formatted contents note | Libraries and information centres |
| 505 ## - FORMATTED CONTENTS NOTE | |
| Formatted contents note | Houses and flats |
| 505 ## - FORMATTED CONTENTS NOTE | |
| Formatted contents note | Student housing and housing for young people |
| 505 ## - FORMATTED CONTENTS NOTE | |
| Formatted contents note | Homes for old people |
| 505 ## - FORMATTED CONTENTS NOTE | |
| Formatted contents note | Hotels |
| 505 ## - FORMATTED CONTENTS NOTE | |
| Formatted contents note | Tropical design |
| 505 ## - FORMATTED CONTENTS NOTE | |
| Formatted contents note | Thermal environment |
| 505 ## - FORMATTED CONTENTS NOTE | |
| Formatted contents note | Light |
| 505 ## - FORMATTED CONTENTS NOTE | |
| Formatted contents note | Sound |
| 505 ## - FORMATTED CONTENTS NOTE | |
| Formatted contents note | Structure |
| 505 ## - FORMATTED CONTENTS NOTE | |
| Formatted contents note | Fire |
| 505 ## - FORMATTED CONTENTS NOTE | |
| Formatted contents note | Security |
| 505 ## - FORMATTED CONTENTS NOTE | |
| Formatted contents note | Access for maintenance |
| 505 ## - FORMATTED CONTENTS NOTE | |
| Formatted contents note | Service distribution |
| 505 ## - FORMATTED CONTENTS NOTE | |
| Formatted contents note | Materials |
| 505 ## - FORMATTED CONTENTS NOTE | |
| Formatted contents note | The SI system |
| 505 ## - FORMATTED CONTENTS NOTE | |
| Formatted contents note | Conversion factors and tables |
| 505 ## - FORMATTED CONTENTS NOTE | |
| Formatted contents note | List of contributors |
| 520 ## - SUMMARY, ETC. | |
| Summary, etc. | Second edition, although there have been several revisions since it was first published as "AJ metric handbook" in 1968, of this essential design reference tool. Each chapter includes illustrations of ideal layouts and dimensions for different types of building. Includes references to key legislation and standards setting out minimum space requires and further reading. |
| 650 ## - SUBJECT ADDED ENTRY--TOPICAL TERM | |
| Topical term or geographic name entry element | DESIGN DATA |
| 650 ## - SUBJECT ADDED ENTRY--TOPICAL TERM | |
| Topical term or geographic name entry element | ERGONOMICS |
| 650 ## - SUBJECT ADDED ENTRY--TOPICAL TERM | |
| Topical term or geographic name entry element | SPACE PLANNING |
| 650 ## - SUBJECT ADDED ENTRY--TOPICAL TERM | |
| Topical term or geographic name entry element | SPATIAL DATA |
| 690 ## - LOCAL SUBJECT ADDED ENTRY--TOPICAL TERM (OCLC, RLIN) | |
| Topical term or geographic name as entry element | BUILT ENVIRONMENT-CONSTRUCTION DESIGN |
| 700 ## - ADDED ENTRY--PERSONAL NAME | |
| Personal name | Adler, David |
| International Standard Serial Number | Editor |
| 700 ## - ADDED ENTRY--PERSONAL NAME | |
| Personal name | Littlewood, Michael |
| 700 ## - ADDED ENTRY--PERSONAL NAME | |
| Personal name | Blow, Chris |
| 700 ## - ADDED ENTRY--PERSONAL NAME | |
| Personal name | Drury, Jolyon |
| 700 ## - ADDED ENTRY--PERSONAL NAME | |
| Personal name | Weller, John |
| 700 ## - ADDED ENTRY--PERSONAL NAME | |
| Personal name | Rainford, Christopher |
| 700 ## - ADDED ENTRY--PERSONAL NAME | |
| Personal name | Lawson, Fred |
| 700 ## - ADDED ENTRY--PERSONAL NAME | |
| Personal name | Montefiore, Derek |
| 700 ## - ADDED ENTRY--PERSONAL NAME | |
| Personal name | Noble, Ann |
| 700 ## - ADDED ENTRY--PERSONAL NAME | |
| Personal name | Glanville, Rosemary |
| 700 ## - ADDED ENTRY--PERSONAL NAME | |
| Personal name | Howard, Anthony |
| 700 ## - ADDED ENTRY--PERSONAL NAME | |
| Personal name | Rawson, John |
| 700 ## - ADDED ENTRY--PERSONAL NAME | |
| Personal name | Bardbeer, Frank |
| 700 ## - ADDED ENTRY--PERSONAL NAME | |
| Personal name | Binns, David |
| 700 ## - ADDED ENTRY--PERSONAL NAME | |
| Personal name | Appleton, Ian |
| 700 ## - ADDED ENTRY--PERSONAL NAME | |
| Personal name | Aveline, Joe |
| 700 ## - ADDED ENTRY--PERSONAL NAME | |
| Personal name | Tanner, Jim |
| 700 ## - ADDED ENTRY--PERSONAL NAME | |
| Personal name | Perrin, Gerald A |
| 700 ## - ADDED ENTRY--PERSONAL NAME | |
| Personal name | Ackroyd, Peter |
| 700 ## - ADDED ENTRY--PERSONAL NAME | |
| Personal name | Sheard, Rod |
| 700 ## - ADDED ENTRY--PERSONAL NAME | |
| Personal name | Al-Samarraie, Atba |
| 700 ## - ADDED ENTRY--PERSONAL NAME | |
| Personal name | Hawkins, Guy |
| 700 ## - ADDED ENTRY--PERSONAL NAME | |
| Personal name | Branton, Tony |
| 700 ## - ADDED ENTRY--PERSONAL NAME | |
| Personal name | Bissell, Chris |
| 700 ## - ADDED ENTRY--PERSONAL NAME | |
| Personal name | Matthews, Geoffrey |
| 700 ## - ADDED ENTRY--PERSONAL NAME | |
| Personal name | Chown, Ian |
| 700 ## - ADDED ENTRY--PERSONAL NAME | |
| Personal name | Pride, Liz |
| 700 ## - ADDED ENTRY--PERSONAL NAME | |
| Personal name | Smith, Ian |
| 700 ## - ADDED ENTRY--PERSONAL NAME | |
| Personal name | Jones, Phil |
| 700 ## - ADDED ENTRY--PERSONAL NAME | |
| Personal name | Evans, Martin |
| 700 ## - ADDED ENTRY--PERSONAL NAME | |
| Personal name | Lynes, Joe |
| 700 ## - ADDED ENTRY--PERSONAL NAME | |
| Personal name | Spring, Neil |
| 700 ## - ADDED ENTRY--PERSONAL NAME | |
| Personal name | Menzies, Beryl |
| 710 ## - ADDED ENTRY--CORPORATE NAME | |
| Corporate name or jurisdiction name as entry element | Alan Tye Design Ltd |
| 9 (RLIN) | 4676 |
| 710 ## - ADDED ENTRY--CORPORATE NAME | |
| Corporate name or jurisdiction name as entry element | DEGW |
| 942 ## - ADDED ENTRY ELEMENTS (KOHA) | |
| Suppress in OPAC | 0 |
| Withdrawn status | Lost status | Source of classification or shelving scheme | Damaged status | Not for loan | Home library | Current library | Shelving location | Date acquired | Cost, normal purchase price | Total Checkouts | Full call number | Barcode | Date last seen | Copy number | Cost, replacement price | Price effective from | Koha item type |
|---|---|---|---|---|---|---|---|---|---|---|---|---|---|---|---|---|---|
| Dewey Decimal Classification | London | London | Basement | 22/11/1999 | 29.99 | SHELF 115 | 30060026 | 06/08/2019 | 1 | 29.99 | 06/08/2019 | Reference material |